000 00481nam a2200169 i 4500
001 65318
003 ES-MaACL
005 20230906165339.0
007 t|
008 040112s1972 sp ||||1| spa d
100 1 _aFreire, Paulo.
_952462
245 1 3 _aEl mensaje de Paulo Freire
_b: teoría y práctica de la liberación.
260 _aMadrid :
_bMarsiega,
_c[1972]
300 _a157 p. ;
_c21 cm.
500 _aPrecede al tít.: INODEP.
852 _aES-MaACL
_jC-48055
_bR.83271
999 _c65318
_d65318